Cook now, dine later

Gardado en:
Detalles Bibliográficos
Autor Principal: Althaus, Catherine
Outros autores: Ffrench-Hodges, Peter (joint author.)
Formato: Libro
Idioma:English
Publicado: London, Faber, 1969.
Subjects:
LEADER 00912nam a2200265 4500
001 c000385842
003 CARM
005 00000000000000.0
008 690617s1969 enk 00110 eng
015 |a B69-06248 
019 1 |a 355685  |z 47372495  |5 LACONCORD2021 
020 |a 0571088155 
035 |a (OCoLC)16929  |5 LACONCORD2021 
040 |a VDU  |c VDU 
050 0 0 |a TX717  |b .A44 
082 0 4 |a 641.555  |2 19 
100 1 |a Althaus, Catherine. 
245 1 0 |a Cook now, dine later  |c [by] Catherine Althaus and Peter ffrench-Hodges. 
260 |a London,  |b Faber,  |c 1969. 
300 |a 243 p.  |c 21 cm. 
650 0 |a Cooking, English. 
700 2 |a Ffrench-Hodges, Peter,  |e joint author. 
852 8 |b CARM  |h A3:AE20B0  |i B11670  |p 0481323  |f BK 
999 f f |i ed95e71c-aace-5222-8716-393d56a28dc3  |s fc99a5ef-742b-5d44-99b4-f916c9fcf264 
952 f f |p Can circulate  |a CAVAL  |b CAVAL  |c CAVAL  |d CARM 1 Store  |e B11670  |f A3:AE20B0  |h Other scheme  |i book  |m 0481323